000 00590nam a2200229Ia 4500
008 200601s9999 xx 000 0 und d
020 _a978-148478252-1
050 _aFIC R56
050 _b2016
100 _aRiordan, Rick.
245 4 _aThe Hidden oracle /
245 0 _cRick Riordan.
260 _aNew York :
260 _bDisney Hyperion,
260 _c2016
300 _a376 pages :
300 _c22 cm.
500 _aThe Trials of Apollo ; Book 1
650 _aApollo (Deity) -- Fiction.
650 _aMythology, Greek -- Fiction.
650 _xGods, Greek -- Fiction.
999 _c363166
_d363166